000 00787nac a22001931u 4500
008 100906t xxu||||| |||| 00| 0 eng d
020 _a1861006926
020 _a8173662827
082 _a005.756
_bM437
100 _aMatthew, Neil.
_918342
245 _aBeginning databases with MySQL /
_cNeil Matthew, Rick Stones.
260 _aCalcutta
_bWrox Press,
_c2002.
300 _axi, 575 p. :
_bill. ;
_c24 cm.
504 _aIncludes bibliographical references and index.
650 _aSQL (Computer program language)
_918343
700 _aStones, Richard.
_918344
942 _cBB
_k005.756M437
_2ddc
999 _c579
_d579